[Event "IECC CL2-2010.01 email"]
[Site "IECC email"]
[Date "2010.03.15"]
[Round "?"]
[White "Ponomarev, Bozidar"]
[Black "Llorente Alvarez, Jose Luis"]
[Result "1/2-1/2"]
[WhiteElo "2091"]
[BlackElo "2024"]
[PlyCount "84"]
[EventDate "2010.??.??"]
[EventType "tourn (corr)"]
[EventRounds "4"]
[SourceTitle "Telechess CBM 149"]
[Source "ChessBase"]
[SourceDate "2012.07.17"]
[SourceVersion "1"]
[SourceVersionDate "2012.07.17"]
[SourceQuality "1"]
[WhiteTeam "SCG"]
[BlackTeam "Spain"]
[BlackTeamCountry "ESP"]

1. e4 e5 2. Nf3 Nf6 3. Nc3 Nc6 4. Bb5 Bb4 5. 0-0 0-0 6. d3 d6 7. Bg5 Bxc3 8. bxc3 h6 9. Bh4 Bd7 10. h3 Qe7 11. Qd2 a6 12. Bc4 Rab8 13. Bd5 Rfe8 14. Rfe1 Na5 15. a4 Be6 16. c4 b6 17. c5 g5 18. Bxe6 fxe6 19. Bg3 Nh5 20. Bh2 Nf4 21. d4 Nc4 22. Qc3 b5 23. Bxf4 gxf4 24. axb5 axb5 25. Ra7 dxc5 26. Nxe5 Nxe5 27. dxe5 c4 28. Qa5 Rec8 29. Rb1 Qc5 30. Rd1 Qxe5 31. Rd7 f3 32. gxf3 Qg5+ 33. Kf1 Qc1+ 34. Qe1 Qxe1+ 35. Kxe1 b4 36. Kd2 Rd8 37. Raxc7 Rxd7+ 38. Rxd7 b3 39. Kc1 bxc2 40. Re7 Rf8 41. Rxe6 Kg7 42. Kxc2 Rxf3 1/2-1/2

[Event "IECC CL2-2010.01 email"]
[Site "IECC email"]
[Date "2010.03.15"]
[Round "?"]
[White "Ponomarev, Bozidar"]
[Black "Van der Mark, Niels"]
[Result "1-0"]
[WhiteElo "2087"]
[BlackElo "1950"]
[PlyCount "45"]
[EventDate "2010.??.??"]
[EventType "tourn (corr)"]
[EventRounds "4"]
[SourceTitle "Telechess CBM 149"]
[Source "ChessBase"]
[SourceDate "2012.07.17"]
[SourceVersion "1"]
[SourceVersionDate "2012.07.17"]
[SourceQuality "1"]
[WhiteTeam "SCG"]
[BlackTeam "Netherlands"]
[BlackTeamCountry "NED"]

1. e4 e5 2. Nf3 Nf6 3. Nc3 Bb4 4. Bc4 d6 5. Nd5 Nxd5 6. Bxd5 c6 7. Bb3 0-0 8. c3 Ba5 9. d4 exd4 10. Nxd4 Nd7 11. 0-0 Nf6 12. Qd3 Re8 13. Bg5 h6 14. Bh4 Bb6 15. Rae1 Bxd4 16. cxd4 Be6 17. Bc2 Rc8 18. b3 c5 19. e5 dxe5 20. Bxf6 Qxf6 21. Qh7+ Kf8 22. dxe5 Qg5 23. f4 1-0

[Event "IECC CL2-2009.04 email"]
[Site "IECC email"]
[Date "2009.04.11"]
[Round "?"]
[White "Canizares Cuadra, Pedro"]
[Black "Ponomarev, Bozidar"]
[Result "1/2-1/2"]
[WhiteElo "2116"]
[BlackElo "2069"]
[PlyCount "69"]
[EventDate "2009.??.??"]
[EventType "tourn (corr)"]
[EventRounds "4"]
[SourceTitle "Telechess CBM 137"]
[Source "ChessBase"]
[SourceDate "2010.07.15"]
[SourceVersion "1"]
[SourceVersionDate "2010.07.15"]
[SourceQuality "1"]
[WhiteTeam "Spain"]
[BlackTeam "SCG"]
[WhiteTeamCountry "ESP"]

1. e4 e5 2. Nf3 Nc6 3. Bc4 Bc5 4. b4 Bxb4 5. c3 Ba5 6. d4 d6 7. Qb3 Qd7 8. dxe5 Bb6 9. Nbd2 Na5 10. Qb4 Ne7 11. exd6 Nec6 12. Qa4 cxd6 13. 0-0 0-0 14. Ba3 Rd8 15. Rfd1 Qg4 16. Bd5 Qg6 17. Qb5 Bg4 18. c4 Bd7 19. Qb2 Bh3 20. g3 Rac8 21. Rdc1 h6 22. c5 dxc5 23. Bxc5 Bxc5 24. Rxc5 Qd6 25. Rb5 a6 26. Rb6 Be6 27. Bxc6 Rxc6 28. Rxc6 Qxc6 29. Nd4 Qd7 30. Nxe6 Qxe6 31. Rc1 b5 32. Qc2 Nc6 33. Nb3 Ne5 34. Rd1 Rc8 35. Qe2 1/2-1/2

[Event "IECC CL2-2006.07 email"]
[Site "IECC email"]
[Date "2006.07.31"]
[Round "?"]
[White "Ponomarev, Bozidar"]
[Black "Schilling, Hans"]
[Result "1-0"]
[WhiteElo "1971"]
[BlackElo "2030"]
[PlyCount "43"]
[EventDate "2006.??.??"]
[EventType "tourn (corr)"]
[EventRounds "4"]
[SourceTitle "Corr 2015"]
[Source "ChessBase"]
[SourceDate "2015.07.17"]
[SourceVersion "1"]
[SourceVersionDate "2015.07.17"]
[SourceQuality "1"]
[WhiteTeam "SCG"]
[BlackTeam "Germany"]
[BlackTeamCountry "GER"]

1. e4 e6 2. d4 d5 3. Nc3 dxe4 4. Nxe4 Nd7 5. Nf3 Ngf6 6. Bd3 Nxe4 7. Bxe4 Nf6 8. Bg5 Be7 9. Bxf6 Bxf6 10. Qd3 Qd6 11. 0-0 h6 12. Rad1 0-0 13. Rfe1 Rd8 14. c3 Rb8 15. Qc2 Bd7 16. Ne5 Be8 17. Bf3 c5 18. Ng4 cxd4 19. Nxf6+ gxf6 20. Rxd4 Qc7 21. Rg4+ Kh8 22. Qc1 1-0

[Event "IECC CL3-2005.02 email"]
[Site "IECC email"]
[Date "2005.02.21"]
[Round "?"]
[White "Ponomarev, Bozidar"]
[Black "Jordan, Tanya"]
[Result "1/2-1/2"]
[WhiteElo "1873"]
[BlackElo "1889"]
[PlyCount "43"]
[EventDate "2005.??.??"]
[EventType "tourn (corr)"]
[EventRounds "4"]
[SourceTitle "Corr 2015"]
[Source "ChessBase"]
[SourceDate "2015.07.17"]
[SourceVersion "1"]
[SourceVersionDate "2015.07.17"]
[SourceQuality "1"]

1. e4 e6 2. d4 d5 3. Nc3 dxe4 4. Nxe4 Nd7 5. Nf3 Ngf6 6. Nxf6+ Nxf6 7. Bd3 c5 8. dxc5 Bxc5 9. 0-0 0-0 10. Qe2 b6 11. Bg5 Bb7 12. Rad1 Qe7 13. c3 h6 14. Bh4 Rfd8 15. Ne5 Qc7 16. Rfe1 Rac8 17. a4 Bd6 18. Ng4 Nxg4 19. Qxg4 Be7 20. Bg3 Bd6 21. Bh4 Be7 22. Bg3 1/2-1/2

[Event "IECC CL2-2004.06 email"]
[Site "IECC email"]
[Date "2004.02.18"]
[Round "?"]
[White "Ponomarev, Bozidar"]
[Black "Borst, John C"]
[Result "1/2-1/2"]
[WhiteElo "1857"]
[BlackElo "2149"]
[PlyCount "37"]
[EventDate "2004.??.??"]
[EventType "tourn (corr)"]
[EventRounds "4"]
[SourceTitle "Corr 2008"]
[Source "ChessBase"]
[SourceDate "2008.06.24"]
[SourceVersion "1"]
[SourceVersionDate "2008.06.24"]
[SourceQuality "1"]

1. d4 d5 2. c4 c6 3. Nf3 Nf6 4. e3 Bf5 5. Nc3 e6 6. Bd3 Bxd3 7. Qxd3 Nbd7 8. 0-0 Bb4 9. b3 0-0 10. Bd2 a5 11. Rac1 Re8 12. Ng5 h6 13. Nf3 e5 14. dxe5 Nxe5 15. Nxe5 Rxe5 16. cxd5 Nxd5 17. Rfd1 Ba3 18. Rb1 Qf6 19. Qd4 1/2-1/2

[Event "IECC CL2-2004.06 email"]
[Site "IECC email"]
[Date "2004.02.18"]
[Round "?"]
[White "Sadowski, Marek"]
[Black "Ponomarev, Bozidar"]
[Result "1/2-1/2"]
[WhiteElo "2097"]
[BlackElo "1847"]
[PlyCount "56"]
[EventDate "2004.??.??"]
[EventType "tourn (corr)"]
[EventRounds "4"]
[SourceTitle "Corr 2008"]
[Source "ChessBase"]
[SourceDate "2008.06.24"]
[SourceVersion "1"]
[SourceVersionDate "2008.06.24"]
[SourceQuality "1"]

1. e4 e6 2. d4 d5 3. Nc3 Bb4 4. e5 c5 5. a3 Bxc3+ 6. bxc3 Ne7 7. Qg4 0-0 8. Bd3 f5 9. exf6 Rxf6 10. Bg5 Rf7 11. Qh5 g6 12. Qd1 e5 13. dxe5 Nbc6 14. Bf6 Qc7 15. f4 c4 16. Be2 Qb6 17. Bf3 Bf5 18. Ne2 Be4 19. Bxe4 dxe4 20. Rb1 Qc5 21. Rxb7 Nd5 22. Rxf7 Kxf7 23. Bh4 h6 24. Bf2 e3 25. Bh4 Kg8 26. 0-0 Nxc3 27. Qe1 Ne4 28. c3 Rb8 1/2-1/2

[Event "IECC CL3-2003.08 email"]
[Site "IECC email"]
[Date "2003.03.24"]
[Round "?"]
[White "Ponomarev, Bozidar"]
[Black "Togonon, Ted"]
[Result "1/2-1/2"]
[WhiteElo "1806"]
[BlackElo "1845"]
[PlyCount "38"]
[EventDate "2003.??.??"]
[EventType "tourn (corr)"]
[EventRounds "4"]
[SourceTitle "Corr 2008"]
[Source "ChessBase"]
[SourceDate "2008.06.24"]
[SourceVersion "1"]
[SourceVersionDate "2008.06.24"]
[SourceQuality "1"]

1. d4 d5 2. c4 c6 3. Nf3 Nf6 4. Nc3 e6 5. e3 Nbd7 6. Bd3 dxc4 7. Bxc4 b5 8. Bd3 a6 9. e4 c5 10. e5 cxd4 11. Nxb5 Nxe5 12. Nxe5 axb5 13. Bxb5+ Bd7 14. Nxd7 Qa5+ 15. Bd2 Qxb5 16. Nxf8 Kxf8 17. b3 Ke7 18. a4 Qe5+ 19. Qe2 Qxe2+ 1/2-1/2

[Event "IECC CL4-2002.26"]
[Site "IECC email"]
[Date "2002.09.26"]
[Round "?"]
[White "Kowalski, Boleslaw"]
[Black "Ponomarev, Bozidar"]
[Result "0-1"]
[WhiteElo "1678"]
[BlackElo "1735"]
[PlyCount "100"]
[EventDate "2002.??.??"]
[EventType "tourn (corr)"]
[EventRounds "4"]
[SourceTitle "Corr 2008"]
[Source "ChessBase"]
[SourceDate "2008.06.24"]
[SourceVersion "1"]
[SourceVersionDate "2008.06.24"]
[SourceQuality "1"]

1. e4 e6 2. d4 d5 3. e5 c5 4. Nf3 Nc6 5. Bd3 cxd4 6. 0-0 Nge7 7. c3 dxc3 8. Nxc3 Ng6 9. Bg5 Qb6 10. Rc1 d4 11. Na4 Qa5 12. Bd2 Qd5 13. Bc4 Qd8 14. Re1 Bd7 15. Bd3 Be7 16. Nc5 Rb8 17. b4 Bxc5 18. Rxc5 Qb6 19. Qb1 Rc8 20. h4 Nge7 21. Rec1 a6 22. b5 axb5 23. Rxb5 Qd8 24. Rxb7 h6 25. Bb5 0-0 26. Qe4 f5 27. exf6 Rxf6 28. Nxd4 e5 29. Bc4+ Kh8 30. Bd3 Ng6 31. Nf3 Ra8 32. Bb5 Bf5 33. Qe1 Nd4 34. Nxd4 exd4 35. h5 Re6 36. Qd1 Ne5 37. Qb3 Qh4 38. Rcc7 Rf6 39. Be1 Be4 40. Be2 Bxb7 41. Qxb7 Rg8 42. g3 Qh3 43. Qe4 d3 44. Bd1 Re8 45. Ba5 Rxf2 46. Kxf2 Qh2+ 47. Ke3 Qxg3+ 48. Kd2 Qg5+ 49. Kc3 Qc1+ 50. Kb4 Qxd1 0-1

[Event "IECC CL3-2001.33"]
[Site "IECC email"]
[Date "2001.10.13"]
[Round "?"]
[White "Bourgoin, Claude"]
[Black "Ponomarev, Bozidar"]
[Result "1/2-1/2"]
[WhiteElo "1874"]
[BlackElo "1701"]
[PlyCount "66"]
[EventDate "2001.??.??"]
[EventType "tourn (corr)"]
[EventRounds "4"]
[SourceTitle "Corr 2008"]
[Source "ChessBase"]
[SourceDate "2008.06.24"]
[SourceVersion "1"]
[SourceVersionDate "2008.06.24"]
[SourceQuality "1"]

1. Nf3 Nf6 2. d4 g6 3. c4 Bg7 4. Nc3 0-0 5. e4 d6 6. Be2 e5 7. dxe5 dxe5 8. Qxd8 Rxd8 9. Bg5 c6 10. Nxe5 Re8 11. 0-0-0 Na6 12. f4 h6 13. Bxf6 Bxf6 14. Rd6 Kg7 15. Rhd1 Bxe5 16. fxe5 Rxe5 17. b3 Nc5 18. Bf3 a5 19. Rd8 f6 20. Kb2 Rb8 21. R1d6 Na6 22. h4 Be6 23. Rxb8 Nxb8 24. Ne2 Na6 25. g4 Kf7 26. h5 Nc5 27. Nf4 g5 28. Nxe6 Rxe6 29. Rd8 Re7 30. Ra8 Nxe4 31. Rxa5 Nd2 32. Bd1 Nf1 33. Ra8 Ne3 1/2-1/2

[Event "IECC CL3-2001.33"]
[Site "IECC email"]
[Date "2001.10.13"]
[Round "?"]
[White "Ponomarev, Bozidar"]
[Black "Zamora, Sammy"]
[Result "1-0"]
[WhiteElo "1714"]
[BlackElo "1804"]
[PlyCount "51"]
[EventDate "2001.??.??"]
[EventType "tourn (corr)"]
[EventRounds "4"]
[SourceTitle "Corr 2008"]
[Source "ChessBase"]
[SourceDate "2008.06.24"]
[SourceVersion "1"]
[SourceVersionDate "2008.06.24"]
[SourceQuality "1"]

1. d4 Nf6 2. c4 g6 3. Nc3 d5 4. cxd5 Nxd5 5. e4 Nxc3 6. bxc3 Bg7 7. Bb5+ c6 8. Ba4 0-0 9. Ne2 Nd7 10. 0-0 e5 11. Be3 Qe7 12. d5 b5 13. Bb3 Bb7 14. d6 Qe8 15. a4 a6 16. Qd3 Kh8 17. Ng3 Qc8 18. Rfc1 Rb8 19. axb5 axb5 20. c4 Ba6 21. cxb5 Bxb5 22. Bc4 Rd8 23. Ra7 Bxc4 24. Qxc4 Rb7 25. Rxb7 Qxb7 26. Qxf7 1-0

[Event "IECC CL4-2001.17"]
[Site "IECC email"]
[Date "2001.06.01"]
[Round "?"]
[White "Williams, Derek"]
[Black "Ponomarev, Bozidar"]
[Result "0-1"]
[WhiteElo "1544"]
[BlackElo "1620"]
[PlyCount "60"]
[EventDate "2001.??.??"]
[EventType "tourn (corr)"]
[EventRounds "4"]
[SourceTitle "Corr 2008"]
[Source "ChessBase"]
[SourceDate "2008.06.24"]
[SourceVersion "1"]
[SourceVersionDate "2008.06.24"]
[SourceQuality "1"]

1. d4 Nf6 2. Nf3 e6 3. Bg5 h6 4. Bxf6 Qxf6 5. e4 d6 6. Nc3 Nd7 7. Bc4 c6 8. 0-0 e5 9. a4 exd4 10. Nxd4 Ne5 11. Bb3 g5 12. Nce2 Bg4 13. f3 Bd7 14. f4 gxf4 15. Nxf4 Qg5 16. Qd2 0-0-0 17. Rad1 Be7 18. Nfe2 Qg6 19. Nf5 Bxf5 20. exf5 Qf6 21. c4 Rhg8 22. g3 Rg5 23. Nd4 h5 24. Qa5 Rdg8 25. Qxa7 Rxg3+ 26. hxg3 Rxg3+ 27. Kf2 Qh4 28. Qa8+ Kc7 29. Qa5+ Kb8 30. Rd2 Rh3+ 0-1

[Event "IECC M email"]
[Site "IECC email"]
[Date "2000.12.20"]
[Round "?"]
[White "Gorelikov, Igor"]
[Black "Ponomarev, Bozidar"]
[Result "1-0"]
[WhiteElo "1631"]
[BlackElo "1636"]
[PlyCount "99"]
[EventDate "2000.??.??"]
[EventType "tourn (corr)"]
[EventRounds "2"]
[SourceTitle "Corr 2008"]
[Source "ChessBase"]
[SourceDate "2008.06.24"]
[SourceVersion "1"]
[SourceVersionDate "2008.06.24"]
[SourceQuality "1"]

1. e4 e6 2. d4 d5 3. Nc3 Bb4 4. e5 c5 5. a3 cxd4 6. axb4 dxc3 7. Nf3 cxb2 8. Bxb2 Ne7 9. Qd4 Nf5 10. Qd2 0-0 11. h4 b6 12. g4 Nh6 13. Bd3 Nxg4 14. Ng5 f5 15. exf6 Nxf6 16. Rg1 Qe7 17. Nxh7 Nxh7 18. Rxg7+ Qxg7 19. Bxg7 Kxg7 20. Bxh7 Kxh7 21. 0-0-0 Nd7 22. Rg1 Rg8 23. Qd3+ Kh8 24. Rxg8+ Kxg8 25. Qg6+ Kf8 26. Qxe6 a5 27. h5 axb4 28. h6 Ra1+ 29. Kb2 Rh1 30. Qg6 Ba6 31. Qg7+ Ke8 32. h7 Bc4 33. h8Q+ Rxh8 34. Qxh8+ Kf7 35. Qh7+ Ke6 36. Qh6+ Kf7 37. f4 Nf6 38. f5 d4 39. Qg6+ Ke7 40. Qg1 b5 41. Qxd4 Ng8 42. Qg7+ Ke8 43. Kc1 Ne7 44. Kd2 Ng8 45. f6 b3 46. cxb3 Bxb3 47. Kc3 Ba2 48. Kb4 Bc4 49. Kc5 Ba2 50. Kd6 1-0